Drug actions and interactions / (Record no. 13400)
[ view plain ]
| 000 -LEADER | |
|---|---|
| fixed length control field | 01084cam a22003014a 4500 |
| 003 - CONTROL NUMBER IDENTIFIER | |
| control field | OSt |
| 005 - DATE AND TIME OF LATEST TRANSACTION | |
| control field | 20140310182432.0 |
| 008 - FIXED-LENGTH DATA ELEMENTS--GENERAL INFORMATION | |
| fixed length control field | 100622s2011 nyua f 001 0 eng |
| 010 ## - LIBRARY OF CONGRESS CONTROL NUMBER | |
| LC control number | 2010026613 |
| 020 ## - INTERNATIONAL STANDARD BOOK NUMBER | |
| International Standard Book Number | 9780071634755 (pbk.) |
| 020 ## - INTERNATIONAL STANDARD BOOK NUMBER | |
| International Standard Book Number | 0071634754 (pbk.) |
| 050 00 - LIBRARY OF CONGRESS CALL NUMBER | |
| Classification number | RM 302 |
| Item number | .C46 2011 |
| 100 1# - MAIN ENTRY--PERSONAL NAME | |
| Personal name | Choe, Jae Y., |
| Dates associated with a name | 1939- |
| 9 (RLIN) | 8225 |
| 245 10 - TITLE STATEMENT | |
| Title | Drug actions and interactions / |
| Statement of responsibility, etc | Jae Y. Choe |
| 260 ## - PUBLICATION, DISTRIBUTION, ETC. (IMPRINT) | |
| Place of publication, distribution, etc | New York : |
| Name of publisher, distributor, etc | McGraw-Hill Medical, |
| Date of publication, distribution, etc | c2011. |
| 300 ## - PHYSICAL DESCRIPTION | |
| Extent | xxxiv, 734 p. : |
| Other physical details | ill. (some col.) ; |
| Dimensions | 23 cm. |
| 500 ## - GENERAL NOTE | |
| General note | Includes index. |
| 541 ## - IMMEDIATE SOURCE OF ACQUISITION NOTE | |
| -- | 1 |
| 562 ## - COPY AND VERSION IDENTIFICATION NOTE | |
| Number of copies | For Circulation. 1 Copy Available in the Collection |
| 650 #0 - SUBJECT ADDED ENTRY--TOPICAL TERM | |
| Topical term or geographic name as entry element | Drug interactions. |
| 9 (RLIN) | 7298 |
| 650 #0 - SUBJECT ADDED ENTRY--TOPICAL TERM | |
| Topical term or geographic name as entry element | Drugs |
| General subdivision | Physiological effect. |
| 9 (RLIN) | 8226 |
| 650 #0 - SUBJECT ADDED ENTRY--TOPICAL TERM | |
| Topical term or geographic name as entry element | Drugs |
| General subdivision | Side effects. |
| 9 (RLIN) | 8227 |
| 650 12 - SUBJECT ADDED ENTRY--TOPICAL TERM | |
| Topical term or geographic name as entry element | Pharmacological Phenomena |
| Form subdivision | Handbooks. |
| 9 (RLIN) | 8228 |
| 650 22 - SUBJECT ADDED ENTRY--TOPICAL TERM | |
| Topical term or geographic name as entry element | Drug Interactions |
| Form subdivision | Handbooks. |
| 9 (RLIN) | 8229 |
| 650 22 - SUBJECT ADDED ENTRY--TOPICAL TERM | |
| Topical term or geographic name as entry element | Pharmaceutical Preparations |
| General subdivision | adverse effects |
| Form subdivision | Handbooks. |
| 9 (RLIN) | 8230 |
| 856 41 - ELECTRONIC LOCATION AND ACCESS | |
| Materials specified | Table of contents only |
| Uniform Resource Identifier | <a href="http://www.loc.gov/catdir/toc/fy12pdf01/2010026613.html">http://www.loc.gov/catdir/toc/fy12pdf01/2010026613.html</a> |
| 942 ## - ADDED ENTRY ELEMENTS (KOHA) | |
| Source of classification or shelving scheme | Library of Congress Classification |
| Koha item type | |
| Withdrawn status | Lost status | Source of classification or shelving scheme | Damaged status | Home library | Current library | Shelving location | Date acquired | Source of acquisition | Total Checkouts | Total Renewals | Full call number | Barcode | Date last seen | Date checked out | Copy number | Price effective from | Koha item type |
|---|---|---|---|---|---|---|---|---|---|---|---|---|---|---|---|---|---|
| Library of Congress Classification | South SEED-LPDH College Library | South SEED-LPDH College Library | South SEED-LPDH College Section | 07/16/2012 | Donation | 4 | 22 | RM 302 .C46 2011 | SSLC0498 | 02/07/2019 | 01/26/2019 | 1 | 11/06/2013 | Books |